Spanish Speaking Countries in Order of Size - Statistics

General Stats
  • This quiz has been taken 24 times
  • The average score is 6 of 20
Answer Stats
Country Country .... Word Bank Word Bank % Correct
1 Argentina . Argentina
100%
2 Mexico .. Bolivia
100%
4 Colombia . Colombia
65%
3 Peru . Chile
65%
5 Bolivia . Costa Rica
41%
7 Chile . Dominican Republic
35%
6 Venezuela . Cuba
35%
9 Paraguay . El Salvador
29%
8 Spain . Ecuador
29%
10 Ecuador . Equatorial Guinea
24%
11 Uruguay . Guatemala
24%
12 Nicaragua . Honduras
12%
17 Costa Rica . Peru
6%
14 Cuba . Nicaragua
6%
18 Dominican Republic . Spain
6%
20 El Salvador . Venezuela
6%
19 Equatorial Guinea . Uruguay
6%
15 Guatemala . Panama
6%
13 Honduras .. Mexico
6%
16 Panama . Paraguay
6%
No matching quizzes found
Score Distribution
Percent of People with Each Score
Percentile by Number Answered
Your Score History
You have not taken this quiz